000 00645nam a2200121Ia 4500
008 220615s9999||||xx |||||||||||||| ||und||
245 0 _aVoices and Practices in Applied Linguistics
_bDiversifying a Discipline
546 _aEnglish[eng]
650 _aCommunication||Language use||Applied Linguistics||Linguistics
700 _aWright, Clare||Harvey, Lou||Simpson, James
856 _uhttps://library.oapen.org/bitstream/20.500.12657/23491/6/WRUP-005-final-online.pdf||https://library.oapen.org/bitstream/20.500.12657/23491/6/WRUP-005-final-online.pdf||https://library.oapen.org/bitstream/20.500.12657/23491/6/WRUP-005-final-online.pdf
942 _cEB
999 _c9819
_d9819